| 000 | 00349nam a2200133Ia 4500 | ||
|---|---|---|---|
| 008 | 240624s9999 xx 000 0 und d | ||
| 041 | _aeng | ||
| 082 | _a320.01 HUL | ||
| 100 | _aHULSMAN JOHN C | ||
| 245 | _aTO DARE MORE BOLDLY THE AUDACIOUS STORY | ||
| 260 |
_c2018 _aNew Jersey _bPrinceton University Press |
||
| 300 | _a323 p. | ||
| 365 |
_c _b33 |
||
| 999 |
_c32797 _d32797 |
||